000
00313nam a22001337a 4500
008
180928b xxu||||| |||| 00| 0 eng d
020
_a
9780810853140
041
_a
eng
080
_a
941
100
_a
16
101
_a
HIS
245
_a
Historical Dictionary Of The European Union
_c
Roy.J
942
_2
udc
_c
BK
999
_c
48697
_d
48697